| 000 | 00551nam a22001817a 4500 | ||
|---|---|---|---|
| 003 | OSt | ||
| 005 | 20251204114201.0 | ||
| 008 | 251204b |||||||| |||| 00| 0 eng d | ||
| 020 | _a 978-971-510-2377 | ||
| 040 |
_aDWC-Main lib _cOC |
||
| 082 | _aFil. 204.3 M678m 2010 | ||
| 100 | _aMislang, Fr. Fred G. | ||
| 245 |
_aMore thoughts from a friend/ _cFr. Fred G. Mislang |
||
| 260 |
_aManila : _bVerbum - SVD House of Studies, _cc2010. |
||
| 300 |
_a204 pages : _billustrations ; _c22 cm. |
||
| 650 | _a1. Sermons | ||
| 942 |
_2ddc _cBK - FIL _kFil. _n0 |
||
| 999 |
_c6826 _d6826 |
||